000 00508nam a22001697a 4500
005 20251108165222.0
008 250721s2008 xx 000 0 ara d
082 1 4 _a616.0252/دلي
100 1 _aالبيوك، موفق عطا
_eمترجم
245 1 0 _aدليل الإسعافات الأولية /
264 1 _aلبنان :
_bمكتبة لبنان ناشرون،
_c2008.
300 _a280ص.
650 1 7 _aالاسعافات الاوليه
650 1 7 _aالطب
942 _2ddc
_cBK
999 _c22412
_d22412